<?xml version="1.0" encoding="UTF-8"?>
<record
    xmlns:xsi="http://www.w3.org/2001/XMLSchema-instance"
    xsi:schemaLocation="http://www.loc.gov/MARC21/slim http://www.loc.gov/standards/marcxml/schema/MARC21slim.xsd"
    xmlns="http://www.loc.gov/MARC21/slim">

  <leader>00723nam a2200253 a 4500</leader>
  <controlfield tag="001">nice12345678</controlfield>
  <controlfield tag="003">IN_TiNIC</controlfield>
  <controlfield tag="005">20260116011332.0</controlfield>
  <controlfield tag="008">050524s1928    egya   grp    000 0 ara  </controlfield>
  <datafield tag="020" ind1=" " ind2=" ">
    <subfield code="a"></subfield>
    <subfield code="c">100</subfield>
  </datafield>
  <datafield tag="082" ind1="0" ind2="0">
    <subfield code="a">297.42</subfield>
    <subfield code="b">ZAR</subfield>
  </datafield>
  <datafield tag="100" ind1=" " ind2=" ">
    <subfield code="a">Zarkali, Khair Ud-Din</subfield>
  </datafield>
  <datafield tag="245" ind1=" " ind2=" ">
    <subfield code="a">Rasail Ikhwan-us-safa.</subfield>
  </datafield>
  <datafield tag="260" ind1=" " ind2=" ">
    <subfield code="a">Egypt</subfield>
    <subfield code="b">Maktaba-E-ilmia</subfield>
    <subfield code="c">1928</subfield>
  </datafield>
  <datafield tag="300" ind1=" " ind2=" ">
    <subfield code="a">362p</subfield>
  </datafield>
  <datafield tag="500" ind1=" " ind2=" ">
    <subfield code="a">includes index and biblioraphy</subfield>
  </datafield>
  <datafield tag="505" ind1="2" ind2=" ">
    <subfield code="a">Vocabulary</subfield>
  </datafield>
  <datafield tag="505" ind1="2" ind2=" ">
    <subfield code="a">Vocabulary00</subfield>
    <subfield code="g">V1.</subfield>
    <subfield code="t">Rasail Ikhwan-Us-safa.--</subfield>
    <subfield code="g">V2.</subfield>
    <subfield code="t">Rasail Ikhwan-Us-safa.--</subfield>
    <subfield code="g">V3.</subfield>
    <subfield code="t">Rasail Ikhwan-Us-safa.--</subfield>
    <subfield code="g">V4.</subfield>
    <subfield code="t">Rasail I</subfield>
  </datafield>
  <datafield tag="650" ind1=" " ind2=" ">
    <subfield code="a">Sufism-Ikhwan-Us-Safa</subfield>
  </datafield>
  <datafield tag="700" ind1="1" ind2=" ">
    <subfield code="a">Zarkali, Khair Ud-Din</subfield>
  </datafield>
  <datafield tag="902" ind1=" " ind2=" ">
    <subfield code="b">SRS</subfield>
  </datafield>
  <datafield tag="942" ind1=" " ind2=" ">
    <subfield code="c">BK</subfield>
  </datafield>
  <datafield tag="952" ind1=" " ind2=" ">
    <subfield code="0">0</subfield>
    <subfield code="1">0</subfield>
    <subfield code="4">0</subfield>
    <subfield code="7">0</subfield>
    <subfield code="a">HMI</subfield>
    <subfield code="b">HMI</subfield>
    <subfield code="d">0000-00-00</subfield>
    <subfield code="g">100.00</subfield>
    <subfield code="l">0</subfield>
    <subfield code="o">297.42  ZAR V1</subfield>
    <subfield code="p">00340</subfield>
    <subfield code="r">0000-00-00</subfield>
    <subfield code="w">2026-01-16</subfield>
    <subfield code="y">EB</subfield>
  </datafield>
  <datafield tag="952" ind1=" " ind2=" ">
    <subfield code="0">0</subfield>
    <subfield code="1">0</subfield>
    <subfield code="4">0</subfield>
    <subfield code="7">0</subfield>
    <subfield code="a">HMI</subfield>
    <subfield code="b">HMI</subfield>
    <subfield code="d">0000-00-00</subfield>
    <subfield code="g">100.00</subfield>
    <subfield code="l">0</subfield>
    <subfield code="o">297.42  ZAR V2</subfield>
    <subfield code="p">00341</subfield>
    <subfield code="r">0000-00-00</subfield>
    <subfield code="w">2026-01-16</subfield>
    <subfield code="y">EB</subfield>
  </datafield>
  <datafield tag="952" ind1=" " ind2=" ">
    <subfield code="0">0</subfield>
    <subfield code="1">0</subfield>
    <subfield code="4">0</subfield>
    <subfield code="7">0</subfield>
    <subfield code="a">HMI</subfield>
    <subfield code="b">HMI</subfield>
    <subfield code="d">0000-00-00</subfield>
    <subfield code="g">100.00</subfield>
    <subfield code="l">0</subfield>
    <subfield code="o">297.42  ZAR V3</subfield>
    <subfield code="p">00342</subfield>
    <subfield code="r">0000-00-00</subfield>
    <subfield code="w">2026-01-16</subfield>
    <subfield code="y">EB</subfield>
  </datafield>
  <datafield tag="952" ind1=" " ind2=" ">
    <subfield code="0">0</subfield>
    <subfield code="1">0</subfield>
    <subfield code="4">0</subfield>
    <subfield code="7">0</subfield>
    <subfield code="a">HMI</subfield>
    <subfield code="b">HMI</subfield>
    <subfield code="d">0000-00-00</subfield>
    <subfield code="g">100.00</subfield>
    <subfield code="l">0</subfield>
    <subfield code="o">297.42  ZAR V4</subfield>
    <subfield code="p">00343</subfield>
    <subfield code="r">0000-00-00</subfield>
    <subfield code="w">2026-01-16</subfield>
    <subfield code="y">EB</subfield>
  </datafield>
  <datafield tag="999" ind1=" " ind2=" ">
    <subfield code="c">611</subfield>
    <subfield code="d">611</subfield>
  </datafield>
</record>
